[Event "Mississauga active"]
[Site "Mississauga CAN"]
[Date "1996.04.28"]
[Round "3"]
[White "Ellis, Joe"]
[Black "Veltmann, Martin"]
[Result "1/2-1/2"]
[WhiteElo "1818"]
[BlackElo "2195"]
[PlyCount "63"]
[EventDate "1996.04.28"]
[EventType "swiss (rapid)"]
[EventRounds "6"]
[EventCountry "CAN"]

1. e4 c5 2. Nf3 d6 3. d4 cxd4 4. Nxd4 Nf6 5. Nc3 a6 6. Bg5 e6 7. Qd2 Be7 8.
O-O-O Nbd7 9. Kb1 O-O 10. f3 Qc7 11. g4 b5 12. h4 b4 13. Na4 Nc5 14. Nxc5 dxc5
15. Ne2 Bb7 16. Bf4 e5 17. Bg5 Rad8 18. Qe1 Rxd1+ 19. Qxd1 Rd8 20. Qc1 c4 21.
Bxf6 Bxf6 22. g5 Be7 23. Ng3 c3 24. Be2 Bc5 25. h5 cxb2 26. Qxb2 Bd4 27. Qb3 a5
28. Nf5 Bc3 29. g6 a4 30. gxf7+ Qxf7 31. Qxf7+ Kxf7 32. Rg1 1/2-1/2

[Event "Mississauga active"]
[Site "Mississauga CAN"]
[Date "1996.04.28"]
[Round "4"]
[White "Veltmann, Martin"]
[Black "Kempner, Andrew"]
[Result "1-0"]
[WhiteElo "2195"]
[BlackElo "2012"]
[PlyCount "81"]
[EventDate "1996.04.28"]
[EventType "swiss (rapid)"]
[EventRounds "6"]
[EventCountry "CAN"]

1. c4 f5 2. Nc3 e5 3. g3 Nf6 4. Bg2 Be7 5. d3 O-O 6. Nh3 c6 7. f4 d6 8. O-O
Nbd7 9. Kh1 Ng4 10. Nf2 Ndf6 11. h3 Nh6 12. e3 Be6 13. b4 Rc8 14. Bb2 Qe8 15.
b5 Nf7 16. a4 g5 17. fxe5 dxe5 18. a5 g4 19. h4 Nh5 20. Ne2 Qd8 21. a6 bxa6 22.
bxc6 Bxh4 23. gxh4 Qxh4+ 24. Kg1 Ng5 25. Bxe5 Nf3+ 26. Bxf3 gxf3 27. Ng3 f4 28.
Nxh5 Qg5+ 29. Ng4 Qxg4+ 30. Kf2 Qh4+ 31. Kxf3 Bg4+ 32. Ke4 Bf5+ 33. Kd4 Rfd8+
34. Kc3 Rxd3+ 35. Qxd3 Bxd3 36. Nf6+ Kf7 37. Kxd3 Rd8+ 38. Nd5 Ke6 39. c7 Rc8
40. Bxf4 Qh5 41. Rxa6+ 1-0

[Event "Mississauga active"]
[Site "Mississauga CAN"]
[Date "1996.04.28"]
[Round "5"]
[White "Veltmann, Martin"]
[Black "Milicevic, Goran"]
[Result "0-1"]
[WhiteElo "2195"]
[BlackElo "2405"]
[PlyCount "56"]
[EventDate "1996.04.28"]
[EventType "swiss (rapid)"]
[EventRounds "6"]
[EventCountry "CAN"]

1. c4 c6 2. Nc3 d5 3. d4 Nf6 4. e3 e6 5. Nf3 Bd6 6. Bd3 Nbd7 7. O-O O-O 8. e4
dxc4 9. Bxc4 e5 10. Bg5 exd4 11. Qxd4 Bc5 12. Qd2 Qe8 13. Rae1 Ne5 14. Nxe5
Qxe5 15. Bxf6 Qxf6 16. e5 Qe7 17. Qf4 Kh8 18. Ne4 Be6 19. Bd3 Rad8 20. Bb1 Bc4
21. Nf6 Bxf1 22. Qf5 g6 23. Qh3 Qxf6 24. exf6 Ba6 25. Qh6 Rg8 26. Qf4 Bd6 27.
Qe3 Bb4 28. Bc2 Bxe1 0-1

[Event "Mississauga active"]
[Site "Mississauga CAN"]
[Date "1996.04.28"]
[Round "6"]
[White "Kasimov, Nechemia"]
[Black "Veltmann, Martin"]
[Result "1-0"]
[WhiteElo "1910"]
[BlackElo "2195"]
[PlyCount "128"]
[EventDate "1996.04.28"]
[EventType "swiss (rapid)"]
[EventRounds "6"]
[EventCountry "CAN"]

1. d4 Nf6 2. Nf3 g6 3. c3 Bg7 4. Nbd2 O-O 5. e4 d6 6. Bd3 Nbd7 7. O-O e5 8.
dxe5 dxe5 9. Nc4 Qe7 10. Bg5 h6 11. Bxf6 Bxf6 12. Ne3 c6 13. Qe2 Bg7 14. g4 Nc5
15. Bc2 Ne6 16. Ng2 Ng5 17. Nxg5 Qxg5 18. f3 Be6 19. Qe3 Qe7 20. Bb3 Rfd8 21.
Rfd1 Bf8 22. h3 b6 23. Kh2 Kh7 24. Qe2 Bxb3 25. axb3 Qe6 26. Qc4 Qxc4 27. bxc4
Kg7 28. Ne1 Kf6 29. Kg3 Ke6 30. b3 a5 31. Kf2 Rxd1 32. Rxd1 b5 33. cxb5 cxb5
34. Rd5 a4 35. Rxb5 a3 36. Nc2 a2 37. Rb6+ Kd7 38. Rb7+ Ke8 39. Ke3 a1=Q 40.
Nxa1 Rxa1 41. b4 Rd1 42. Rb8+ Rd8 43. Rb5 Bd6 44. c4 Rb8 45. Rxb8+ Bxb8 46. Kd3
Kd7 47. c5 f5 48. Kc4 fxg4 49. fxg4 h5 50. Kd5 hxg4 51. hxg4 Bc7 52. b5 Ke7 53.
b6 Bd8 54. Kxe5 Kd7 55. Kd5 Bh4 56. e5 Bf2 57. e6+ Ke7 58. g5 Be3 59. Kc6 Kxe6
60. Kb5 Bxg5 61. c6 Bf4 62. Ka6 g5 63. c7 Kf5 64. c8=Q+ Ke4 1-0

[Event "Monarque Noir CC ch"]
[Site "Gaspe CAN"]
[Date "1996.05.31"]
[Round "4"]
[White "Benguerel, Robert"]
[Black "Beaupre, Jean-Marie"]
[Result "1/2-1/2"]
[WhiteElo "1510"]
[BlackElo "1629"]
[PlyCount "100"]
[EventDate "1996.05.10"]
[EventType "swiss"]
[EventRounds "4"]
[EventCountry "CAN"]

1. e4 c5 2. Nf3 d6 3. d4 cxd4 4. Nxd4 Nf6 5. Nc3 a6 6. Bg5 e6 7. Qd2 Be7 8. f4
Qc7 9. Be2 h6 10. Bxf6 Bxf6 11. O-O-O Be7 12. Kb1 Bd7 13. Rhf1 O-O 14. f5 Nc6
15. f6 Bxf6 16. Rxf6 Nxd4 17. Qxd4 gxf6 18. Qxf6 Kh7 19. e5 dxe5 20. Bd3+ Kg8
21. Qxh6 f5 22. Bc4 Rf7 23. Rd3 Rg7 24. Bb3 Re8 25. Rh3 Qc5 26. a3 Qg1+ 27. Ka2
Qxg2 28. Qh5 Qg6 29. Qf3 Bc6 30. Qe3 Qf6 31. Rh6 Rg6 32. Rxg6+ Qxg6 33. Qxe5
Kf7 34. Ne2 Qf6 35. Qg3 Bd5 36. Bxd5 exd5 37. Nf4 Qd6 38. Qf3 d4 39. Qxb7+ Re7
40. Qf3 Kf8 41. Nd3 Qe6+ 42. Kb1 Qe4 43. Qf2 Rg7 44. Nc5 Qh1+ 45. Ka2 Qd5+ 46.
Nb3 Rg2 47. Qxd4 Qxd4 48. Nxd4 Rxh2 49. Nxf5 Rxc2 50. Kb3 Rh2 1/2-1/2

[Event "Montcalm IV 1995-96"]
[Site "Quebec CAN"]
[Date "1996.02.07"]
[Round "4"]
[White "April, Jacques"]
[Black "Poliquin, Yvon"]
[Result "1-0"]
[WhiteElo "1734"]
[BlackElo "1750"]
[PlyCount "45"]
[EventDate "1996.01.17"]
[EventType "swiss"]
[EventRounds "4"]
[EventCountry "CAN"]

1. d4 Nf6 2. c4 g6 3. Nc3 Bg7 4. e4 d6 5. Be2 O-O 6. Bg5 c5 7. d5 h6 8. Be3 a6
9. Qd2 Kh7 10. h3 Qc7 11. f4 e6 12. Bd3 exd5 13. exd5 Re8 14. Nf3 Nh5 15. O-O
f5 16. Rfe1 Nd7 17. g4 Ng3 18. Bf2 Bxc3 19. Qxc3 Ne4 20. Bxe4 fxe4 21. Nd2 Rf8
22. Nxe4 b5 23. Ng5+ 1-0

[Event "Niagara active"]
[Site "Niagara Falls CAN"]
[Date "1996.07.21"]
[Round "4"]
[White "Bidal, Jay"]
[Black "Vucko, Ignac"]
[Result "1/2-1/2"]
[WhiteElo "2036"]
[BlackElo "2033"]
[PlyCount "67"]
[EventDate "1996.07.21"]
[EventType "swiss"]
[EventRounds "4"]
[EventCountry "CAN"]
[Source "CFC"]
[SourceDate "2002.12.??"]

1. f4 d5 2. g3 Nf6 3. Bg2 g6 4. d3 Bg7 5. c3 c5 6. Na3 O-O 7. Nh3 Qb6 8. O-O
Nc6 9. Nf2 h5 10. e4 dxe4 11. dxe4 Bg4 12. Nxg4 Nxg4 13. Nc4 Qa6 14. h3 Rad8
15. Qb3 Nf6 16. Ne3 b5 17. e5 c4 18. Qc2 Nd7 19. Qe4 Rc8 20. e6 f5 21. exd7
fxe4 22. dxc8=Q Qxc8 23. Bxe4 Nd8 24. Kg2 g5 25. Nd5 Qe6 26. Re1 Kh8 27. f5 Qd7
28. Bxg5 Bf6 29. Nxf6 exf6 30. Rad1 Qg7 31. Bf4 h4 32. g4 Nb7 33. Bc6 Nc5 34.
Bd6 1/2-1/2

[Event "North Bay int."]
[Site "North Bay CAN"]
[Date "1996.08.07"]
[Round "1"]
[White "Balandin, Aleksey"]
[Black "Kamberi, Sonny"]
[Result "1-0"]
[WhiteElo "2448"]
[BlackElo "2316"]
[PlyCount "97"]
[EventDate "1996.08.07"]
[EventType "swiss"]
[EventRounds "9"]
[EventCountry "CAN"]

1. e4 e5 2. Nf3 Nc6 3. Nc3 Nf6 4. d4 exd4 5. Nxd4 Bb4 6. Nxc6 bxc6 7. Bd3 d5 8.
exd5 cxd5 9. Qe2+ Qe7 10. Qxe7+ Kxe7 11. O-O c6 12. Ne2 Be6 13. Nd4 Kd7 14. c3
Bd6 15. Bg5 h6 16. Bxf6 gxf6 17. Rae1 Rhe8 18. Re3 Re7 19. Rfe1 Rae8 20. g3 Bh3
21. Bf5+ Bxf5 22. Rxe7+ Rxe7 23. Rxe7+ Bxe7 24. Nxf5 Bf8 25. Kg2 c5 26. g4 Ke6
27. f4 d4 28. cxd4 cxd4 29. Nxd4+ Kd5 30. Nb5 Bc5 31. Kf3 Kc4 32. Nc3 Kd3 33.
h4 Kc2 34. Na4 Bf8 35. Ke4 Kb1 36. Kf5 Bg7 37. b4 Kxa2 38. b5 Kb3 39. b6 axb6
40. Nxb6 Kb4 41. Nd5+ Kc5 42. Nxf6 Kc6 43. h5 Bh8 44. Ne4 Kd7 45. Ng3 Bg7 46.
Ke4 Ke6 47. Nf5 Bf8 48. g5 hxg5 49. fxg5 1-0

[Event "North Bay int."]
[Site "North Bay CAN"]
[Date "1996.08.07"]
[Round "1"]
[White "Boudy Bueno, Julio"]
[Black "Hathaway, John"]
[Result "1-0"]
[WhiteElo "2281"]
[BlackElo "2188"]
[PlyCount "55"]
[EventDate "1996.08.07"]
[EventType "swiss"]
[EventRounds "9"]
[EventCountry "CAN"]

1. e4 e6 2. d4 d5 3. Nd2 Nf6 4. e5 Nfd7 5. c3 c5 6. Bd3 b6 7. Nh3 Ba6 8. Bxa6
Nxa6 9. O-O Nc7 10. f4 f5 11. exf6 Qxf6 12. Nf3 g6 13. Ne5 Qe7 14. f5 Nxe5 15.
f6 Qd7 16. dxe5 O-O-O 17. Nf2 d4 18. c4 Qc6 19. Nd3 b5 20. b3 Na6 21. Bd2 bxc4
22. bxc4 Nb4 23. Bxb4 cxb4 24. c5 Qb5 25. a3 a5 26. axb4 axb4 27. Qb3 Rd5 28.
Ra8+ 1-0

[Event "North Bay int."]
[Site "North Bay CAN"]
[Date "1996.08.07"]
[Round "1"]
[White "Bugbee, Brian"]
[Black "Ristovic, Nenad"]
[Result "0-1"]
[WhiteElo "2013"]
[BlackElo "2302"]
[PlyCount "58"]
[EventDate "1996.08.07"]
[EventType "swiss"]
[EventRounds "9"]
[EventCountry "CAN"]

1. d4 d5 2. Nf3 c6 3. g3 Bg4 4. Bg2 e6 5. O-O Nd7 6. Nbd2 Ngf6 7. b3 Be7 8. Bb2
O-O 9. Re1 a5 10. a3 h6 11. c4 Qc7 12. Qc2 Bf5 13. Qc1 Rfc8 14. Qc3 Qd8 15. Ne5
c5 16. Nxd7 Qxd7 17. cxd5 cxd4 18. Qxd4 Bc5 19. Qh4 Ng4 20. Ne4 Be7 21. Nf6+
Bxf6 22. Bxf6 Nxf6 23. dxe6 Bxe6 24. Rad1 Qb5 25. e4 Qb6 26. e5 Ng4 27. Rd2 Rd8
28. Rb2 Rd4 29. Bf3 Nxe5 0-1

[Event "North Bay int."]
[Site "North Bay CAN"]
[Date "1996.08.07"]
[Round "1"]
[White "Campbell, Brett"]
[Black "Winterton, Ken"]
[Result "1-0"]
[WhiteElo "2295"]
[BlackElo "2015"]
[PlyCount "97"]
[EventDate "1996.08.07"]
[EventType "swiss"]
[EventRounds "9"]
[EventCountry "CAN"]

1. e4 c5 2. Nc3 e6 3. Bc4 Nf6 4. e5 d5 5. exf6 dxc4 6. fxg7 Bxg7 7. Qe2 b6 8.
Qe4 Bxc3 9. Qxa8 Be5 10. Nf3 Bd6 11. Qxa7 Bd7 12. Qa3 Nc6 13. d3 Rg8 14. dxc4
Rxg2 15. Qd3 Qf6 16. Bg5 Qxb2 17. Rd1 Nd4 18. Nxd4 Qxd4 19. Qxd4 cxd4 20. h4 e5
21. Kf1 Bc6 22. Rg1 Rxg1+ 23. Kxg1 Kd7 24. f4 Ke6 25. fxe5 Bxe5 26. Bd8 b5 27.
Bb6 bxc4 28. Bxd4 Bg3 29. Bf2 Be5 30. Bd4 Bg3 31. Be3 Ba4 32. Rd4 Bb5 33. h5
Be5 34. Rd8 Ba4 35. Rc8 Kd5 36. Rc5+ Kd6 37. Rxc4 Bd7 38. Bf4 Kd5 39. Rb4 Bd4+
40. Kg2 Kc5 41. Rb8 Kc4 42. Kg3 Kc3 43. Rb7 Be6 44. Rc7+ Bc4 45. a4 Bb6 46. Rc6
Ba5 47. Bd2+ Kxd2 48. Rxc4 Ke3 49. Kg4 1-0

[Event "North Bay int."]
[Site "North Bay CAN"]
[Date "1996.08.07"]
[Round "1"]
[White "Cote, Jacques"]
[Black "Morovic Fernandez, Ivan"]
[Result "0-1"]
[WhiteElo "2273"]
[BlackElo "2590"]
[PlyCount "102"]
[EventDate "1996.08.07"]
[EventType "swiss"]
[EventRounds "9"]
[EventCountry "CAN"]

1. e4 c5 2. Nf3 e6 3. d4 cxd4 4. Nxd4 Nc6 5. Nb5 d6 6. c4 Nf6 7. N1c3 a6 8. Nd4
Be7 9. Be2 O-O 10. O-O Bd7 11. Nc2 Qb8 12. Bg5 Rd8 13. Qc1 b6 14. Rd1 Ra7 15.
b3 Rb7 16. a4 Be8 17. Qe3 Ne5 18. f4 Nc6 19. Kh1 h6 20. Bh4 Nd7 21. Bxe7 Nxe7
22. Bf3 e5 23. f5 a5 24. g4 Nc5 25. Rab1 f6 26. h4 Kf8 27. g5 Ng8 28. Nd5 hxg5
29. hxg5 Bc6 30. g6 Bxd5 31. Rxd5 Ne7 32. Rd2 Nc6 33. Rbd1 Ke7 34. Kg1 Na6 35.
Na3 Nd4 36. Bg2 Nc5 37. Rb2 Rh8 38. Nb5 Nxb5 39. axb5 Rd7 40. Rd5 Rh4 41. b4
axb4 42. Rxb4 Qa7 43. Qe1 Rf4 44. Rd2 Qa5 45. Qb1 Qa3 46. Re2 Rd8 47. Rbb2 Qg3
48. Qa2 Rh8 49. Qa7+ Nd7 50. Rf2 Rfh4 51. Kf1 Qe3 0-1

[Event "North Bay int."]
[Site "North Bay CAN"]
[Date "1996.08.07"]
[Round "1"]
[White "Cruse, Galen"]
[Black "Linn, Peter"]
[Result "0-1"]
[WhiteElo "1819"]
[BlackElo "2081"]
[PlyCount "60"]
[EventDate "1996.08.07"]
[EventType "swiss"]
[EventRounds "9"]
[EventCountry "CAN"]

1. e4 d5 2. e5 Bf5 3. d4 e6 4. Nf3 c5 5. Be3 Qb6 6. b3 Nc6 7. c3 Rc8 8. dxc5
Bxc5 9. Bxc5 Qxc5 10. Nd4 Bxb1 11. Nb5 Bg6 12. Rc1 Nxe5 13. Qd4 Qxd4 14. Nxd4
a6 15. Kd2 Nf6 16. f3 Ke7 17. Be2 Nc6 18. Bd3 Bxd3 19. Kxd3 Nxd4 20. Kxd4 Kd6
21. Rhd1 Rc6 22. Rd2 Rhc8 23. Rdc2 b5 24. g3 e5+ 25. Kd3 e4+ 26. fxe4 dxe4+ 27.
Kd4 Ke6 28. h3 Rd8+ 29. Ke3 Rd3+ 30. Kf2 Rf3+ 0-1

[Event "North Bay int."]
[Site "North Bay CAN"]
[Date "1996.08.07"]
[Round "1"]
[White "Deline, Ralph"]
[Black "Castaneda, Nelson"]
[Result "0-1"]
[WhiteElo "2067"]
[BlackElo "2272"]
[PlyCount "80"]
[EventDate "1996.08.07"]
[EventType "swiss"]
[EventRounds "9"]
[EventCountry "CAN"]

1. Nf3 Nf6 2. g3 g6 3. Bg2 Bg7 4. O-O d6 5. c4 c5 6. d4 O-O 7. Nc3 Nc6 8. d5
Na5 9. Qd3 a6 10. e4 b5 11. Nd2 bxc4 12. Nxc4 Nxc4 13. Qxc4 a5 14. Re1 Ng4 15.
Qe2 Bd4 16. Nd1 Qb6 17. h3 Ne5 18. Be3 Ba6 19. Qd2 Nc4 20. Qc2 Nxe3 21. fxe3
Be5 22. Kh2 h5 23. h4 Rfb8 24. Rb1 Qd8 25. Nf2 e6 26. Nh3 Qxh4 27. Qf2 exd5 28.
exd5 Rb4 29. Rg1 Rab8 30. Bf1 Bc8 31. Kh1 Qf6 32. Qxf6 Bxf6 33. b3 a4 34. Nf4
axb3 35. axb3 Rxb3 36. Re1 Bc3 37. Rd1 Bg4 38. Be2 Bxe2 39. Nxe2 Be5 40. e4 Re3
0-1

[Event "North Bay int."]
[Site "North Bay CAN"]
[Date "1996.08.07"]
[Round "1"]
[White "Dougherty, Michael"]
[Black "Powell, Bryson"]
[Result "1-0"]
[WhiteElo "2310"]
[BlackElo "2084"]
[PlyCount "76"]
[EventDate "1996.08.07"]
[EventType "swiss"]
[EventRounds "9"]
[EventCountry "CAN"]

1. d4 f5 2. Nf3 Nf6 3. Bg5 e6 4. Nbd2 d5 5. Ne5 Be7 6. c4 O-O 7. Qb3 c6 8. Bxf6
Bxf6 9. f4 Bxe5 10. dxe5 Na6 11. Qa3 c5 12. O-O-O Qe7 13. e3 Nb4 14. Kb1 Bd7
15. Qb3 b5 16. cxb5 c4 17. Nxc4 dxc4 18. Bxc4 Nd5 19. Rxd5 exd5 20. Bxd5+ Kh8
21. Bxa8 Rxa8 22. Rc1 Be6 23. Qc3 Rd8 24. Qc7 Rd7 25. Qa5 h6 26. b3 Qf7 27. Qb4
Kh7 28. h3 Rd3 29. Rc3 Rd1+ 30. Kb2 Rd7 31. Ka3 Rd2 32. Rc6 Rd7 33. Rd6 Rb7 34.
e4 Re7 35. exf5 Bxf5 36. g4 Bb1 37. Kb2 Bg6 38. Rxg6 Kxg6 1-0

[Event "North Bay int."]
[Site "North Bay CAN"]
[Date "1996.08.07"]
[Round "1"]
[White "Fogarasi, Norbert"]
[Black "Saleh, Maher"]
[Result "0-1"]
[WhiteElo "2059"]
[BlackElo "2280"]
[PlyCount "64"]
[EventDate "1996.08.07"]
[EventType "swiss"]
[EventRounds "9"]
[EventCountry "CAN"]

1. d4 Nf6 2. c3 g6 3. Bg5 Bg7 4. Bxf6 Bxf6 5. f4 c5 6. e3 O-O 7. Nf3 b6 8. Nbd2
Bb7 9. Bd3 d6 10. O-O Nd7 11. Ne4 Bg7 12. Neg5 e5 13. dxe5 dxe5 14. f5 Nf6 15.
fxg6 hxg6 16. Qc2 e4 17. Nxe4 Ng4 18. Rae1 Bh6 19. Qe2 Re8 20. Nfg5 Bxg5 21.
Qxg4 Re5 22. Bc2 Qe7 23. Ng3 Rd8 24. e4 Rd2 25. Bb3 c4 26. Bxc4 Qc5+ 27. Kh1
Qxc4 28. h4 Bh6 29. Nf5 Rxf5 30. Rxf5 Bc8 31. h5 Bxf5 32. exf5 Qxg4 0-1

[Event "North Bay int."]
[Site "North Bay CAN"]
[Date "1996.08.07"]
[Round "1"]
[White "Gonzales, Jorge A"]
[Black "Goldenberg, Danny"]
[Result "1-0"]
[WhiteElo "2532"]
[BlackElo "2371"]
[PlyCount "135"]
[EventDate "1996.08.07"]
[EventType "swiss"]
[EventRounds "9"]
[EventCountry "CAN"]

1. d4 Nf6 2. c4 c5 3. d5 b5 4. cxb5 a6 5. e3 g6 6. Nc3 Bg7 7. Bc4 O-O 8. Nge2
axb5 9. Bxb5 e6 10. O-O Bb7 11. e4 exd5 12. exd5 d6 13. Rb1 Na6 14. a3 Nc7 15.
Bc4 Ng4 16. Nf4 Qh4 17. h3 Ne5 18. Be2 Bc8 19. Be3 Bf5 20. Ra1 Rfb8 21. Qc1 c4
22. Rd1 Qe7 23. Rd2 g5 24. Nh5 Bh8 25. Rd4 h6 26. Ng3 Bd3 27. Qd2 Qd7 28. Bxd3
Nxd3 29. Rxd3 cxd3 30. Qxd3 Bxc3 31. bxc3 Qb5 32. c4 Qb3 33. Qe4 Re8 34. Qd4
Re5 35. Ne4 Rxa3 36. Nxd6 f6 37. Rxa3 Qxa3 38. Qb6 Ne8 39. Nxe8 Qa1+ 40. Kh2
Rxe8 41. Bd4 Qc1 42. Be3 Qxc4 43. Qxf6 Qxd5 44. Qg6+ Kf8 45. Qxh6+ Kf7 46. Qh5+
Kf8 47. Bxg5 Qf7 48. Qh8+ Qg8 49. Qxg8+ Kxg8 50. h4 Kh8 51. g4 Kh7 52. Kg3 Re4
53. Bf4 Kg6 54. f3 Rc4 55. Bd2 Kf6 56. h5 Rc2 57. Be3 Ke5 58. h6 Kf6 59. f4 Rc3
60. Kf3 Kg6 61. f5+ Kh7 62. g5 Rc4 63. g6+ Kg8 64. f6 Kh8 65. Bf4 Rc5 66. Ke4
Ra5 67. Be5 Rb5 68. Ba1 1-0

[Event "North Bay int."]
[Site "North Bay CAN"]
[Date "1996.08.07"]
[Round "1"]
[White "Hum, Peter"]
[Black "Vera, Reynaldo"]
[Result "0-1"]
[WhiteElo "2234"]
[BlackElo "2517"]
[PlyCount "67"]
[EventDate "1996.08.07"]
[EventType "swiss"]
[EventRounds "9"]
[EventCountry "CAN"]

1. e4 c5 2. Nf3 d6 3. c3 Nf6 4. Be2 Bd7 5. d3 Nc6 6. O-O e6 7. Re1 Be7 8. Bf1
Rc8 9. a3 O-O 10. d4 cxd4 11. cxd4 d5 12. exd5 exd5 13. h3 Ne4 14. Nc3 Bf5 15.
Bd3 Nxc3 16. bxc3 Bxd3 17. Qxd3 Na5 18. Rb1 b6 19. Ne5 f6 20. Nf3 Qd7 21. Re3
Nc4 22. Re2 Bxa3 23. Bf4 Rfe8 24. Rbe1 Bf8 25. Nd2 Nb2 26. Qf3 Rxe2 27. Rxe2 a5
28. Nf1 Nc4 29. h4 a4 30. h5 a3 31. h6 g6 32. Bc1 Kf7 33. Ra2 Qb5 34. Re2 0-1

[Event "North Bay int."]
[Site "North Bay CAN"]
[Date "1996.08.07"]
[Round "1"]
[White "Jung, Hans"]
[Black "Gordon, David"]
[Result "0-1"]
[WhiteElo "2327"]
[BlackElo "2157"]
[PlyCount "80"]
[EventDate "1996.08.07"]
[EventType "swiss"]
[EventRounds "9"]
[EventCountry "CAN"]

1. e4 c5 2. Nf3 Nc6 3. h3 g6 4. c3 Nf6 5. d3 Bg7 6. Be3 d6 7. Qd2 O-O 8. Bh6 e5
9. Be2 d5 10. Bxg7 Kxg7 11. Qc2 c4 12. dxc4 dxe4 13. Nfd2 Qb6 14. Nf1 Rd8 15.
Nbd2 Be6 16. Ne3 Nd4 17. cxd4 exd4 18. Ng4 Bxg4 19. Bxg4 e3 20. fxe3 dxe3 21.
Ne4 Nxe4 22. Qxe4 Qb4+ 23. Kf1 Qxb2 24. Kg1 Qxa1+ 25. Kh2 Qd4 26. Bf3 Qxe4 27.
Bxe4 Re8 28. Bxb7 Rab8 29. Bc6 Re7 30. Bb5 Rd8 31. Re1 Rd2 32. a4 e2 33. Kg1
Rd1 34. Kf2 Rxe1 35. Kxe1 Kf6 36. c5 Ke5 37. Bxe2 Kd5 38. a5 Rxe2+ 39. Kxe2
Kxc5 40. Kd3 Kb5 0-1

[Event "North Bay int."]
[Site "North Bay CAN"]
[Date "1996.08.07"]
[Round "1"]
[White "Khoudgarian, Natalia"]
[Black "Linskiy, Oleg"]
[Result "1-0"]
[WhiteElo "2215"]
[BlackElo "2390"]
[PlyCount "39"]
[EventDate "1996.08.07"]
[EventType "swiss"]
[EventRounds "9"]
[EventCountry "CAN"]
[Source "ChessBase"]
[SourceDate "1997.11.17"]

1. e4 b6 2. d4 Bb7 3. Bd3 Nf6 4. Qe2 e6 5. Nf3 c5 6. c3 cxd4 7. cxd4 Bb4+ 8.
Bd2 Bxd2+ 9. Nbxd2 d6 10. O-O O-O 11. Rfd1 Nc6 12. e5 Ne8 13. Ne4 h6 14. Rac1
Ne7 15. Nh4 Nd5 16. Qg4 Bc8 17. Bb1 f5 18. exf6 Nexf6 19. Qg6 Nxe4 20. Re1 1-0

[Event "North Bay int."]
[Site "North Bay CAN"]
[Date "1996.08.07"]
[Round "1"]
[White "Kiviaho, Robert"]
[Black "Cabanas, Francisco"]
[Result "1-0"]
[WhiteElo "2331"]
[BlackElo "2234"]
[PlyCount "57"]
[EventDate "1996.08.07"]
[EventType "swiss"]
[EventRounds "9"]
[EventCountry "CAN"]
[Source "ChessBase"]
[SourceDate "1997.11.17"]

1. d4 Nf6 2. c4 e6 3. Nf3 d5 4. Nc3 c6 5. Bg5 Nbd7 6. e3 Qa5 7. Nd2 Ne4 8. cxd5
Nxg5 9. h4 Nf3+ 10. Nxf3 exd5 11. Bd3 Bb4 12. Qc2 Nf6 13. O-O Bg4 14. Ne5 h6
15. e4 Bxc3 16. bxc3 dxe4 17. Bxe4 O-O 18. Bd3 Be6 19. f4 c5 20. f5 cxd4 21.
Rae1 Bd5 22. c4 Rac8 23. Qf2 Bc6 24. g4 Nd7 25. Nxd7 Bxd7 26. Re7 Bc6 27. f6
Rfe8 28. Rxf7 Rc7 29. Rxc7 1-0

[Event "North Bay int."]
[Site "North Bay CAN"]
[Date "1996.08.07"]
[Round "1"]
[White "Kret, Ted"]
[Black "Wojtkiewicz, Aleksander"]
[Result "0-1"]
[WhiteElo "2242"]
[BlackElo "2555"]
[PlyCount "114"]
[EventDate "1996.08.07"]
[EventType "swiss"]
[EventRounds "9"]
[EventCountry "CAN"]

1. d4 g6 2. c4 Bg7 3. Nc3 d6 4. e4 e5 5. dxe5 dxe5 6. Qxd8+ Kxd8 7. Nf3 f6 8.
Be3 Be6 9. Be2 Nd7 10. O-O Bh6 11. Bxh6 Nxh6 12. Rfd1 c6 13. Ne1 Kc7 14. Rac1
a5 15. b3 Rhe8 16. Nd3 b6 17. Rd2 Nf7 18. f3 Nd8 19. Rcd1 Nb7 20. Na4 Re7 21.
h3 Rb8 22. Rc2 Bf7 23. Rdc1 Nd8 24. Nc3 Ne6 25. Bf1 Rd8 26. a3 Nd4 27. Rb2 Nf8
28. Nf2 h5 29. b4 axb4 30. Rxb4 Ra8 31. a4 Nd7 32. Rb2 Ree8 33. Rcb1 Reb8 34.
Nfd1 Nc5 35. Ra1 h4 36. Ne3 Ra5 37. Rb4 Rba8 38. Rab1 R8a6 39. Ra1 f5 40. exf5
gxf5 41. Ra2 Be6 42. Kf2 f4 43. Ng4 Kd6 44. Ne4+ Nxe4+ 45. fxe4 Kc5 46. Rbb2
Bxg4 47. hxg4 Rxa4 48. Rxa4 Rxa4 49. Rd2 Ra8 50. Be2 Rg8 51. Bf3 Kxc4 52. Rd1
b5 53. Rh1 b4 54. Rxh4 b3 55. Be2+ Nxe2 56. Kxe2 b2 57. Rh1 Rxg4 0-1

[Event "North Bay int."]
[Site "North Bay CAN"]
[Date "1996.08.07"]
[Round "1"]
[White "Lindsay, Fred"]
[Black "Morrell, Gord"]
[Result "1-0"]
[WhiteElo "2316"]
[BlackElo "2226"]
[PlyCount "58"]
[EventDate "1996.08.07"]
[EventType "swiss"]
[EventRounds "9"]
[EventCountry "CAN"]

1. c4 Nf6 2. Nc3 d6 3. d4 Nbd7 4. Nf3 g6 5. Bg5 Bg7 6. e3 O-O 7. Be2 c6 8. Qc2
a6 9. O-O b5 10. d5 b4 11. dxc6 bxc3 12. cxd7 Bxd7 13. Qxc3 Ne4 14. Qa3 Rb8 15.
Rab1 Bg4 16. Bh4 Bxf3 17. Bxf3 Nd2 18. b3 Nxb1 19. Rxb1 a5 20. c5 Rb4 21. cxd6
Qxd6 22. Rd1 Qc7 23. Rc1 Qa7 24. Bg3 Rd8 25. Rc7 Qa6 26. h3 h5 27. Rc5 h4 28.
Bc7 Rc8 29. Rxa5 Qb7 1-0

[Event "North Bay int."]
[Site "North Bay CAN"]
[Date "1996.08.07"]
[Round "1"]
[White "Marshall, Peter"]
[Black "Livshits, Ron"]
[Result "0-1"]
[WhiteElo "2251"]
[BlackElo "2468"]
[PlyCount "97"]
[EventDate "1996.08.07"]
[EventType "swiss"]
[EventRounds "9"]
[EventCountry "CAN"]

1. d4 Nf6 2. c4 g6 3. Nc3 Bg7 4. e4 d6 5. f3 O-O 6. Be3 Nbd7 7. Nge2 c5 8. Qd2
a6 9. g4 Rb8 10. Ng3 cxd4 11. Bxd4 Ne5 12. Be2 Be6 13. Nd5 b5 14. Bxe5 dxe5 15.
g5 Nxd5 16. cxd5 Bh3 17. O-O-O Qd6 18. Kb1 e6 19. dxe6 Qxe6 20. Nf1 Bxf1 21.
Rhxf1 Qh3 22. f4 exf4 23. Qxf4 Qe6 24. Rd6 Qe7 25. Rf6 Rfe8 26. Rxf7 Qxe4+ 27.
Qxe4 Rxe4 28. Bd1 Kh8 29. Rd7 Rh4 30. Rf2 Be5 31. Rdd2 Bf4 32. Rd5 Rc8 33. a3
Rc1+ 34. Ka2 Bxg5 35. Rxg5 Rxd1 36. Rf7 Rxh2 37. Rc5 Rd8 38. Ra7 Rg8 39. Rxa6
g5 40. Rc1 g4 41. Rd6 g3 42. Rg1 Rf2 43. Rdd1 g2 44. Rc1 Rg5 45. Kb3 Kg7 46.
Rb1 h5 47. Rbe1 h4 48. Re7+ Rf7 49. Re2 0-1

[Event "North Bay int."]
[Site "North Bay CAN"]
[Date "1996.08.07"]
[Round "1"]
[White "Milicevic, Goran"]
[Black "Moussa, Alaa Eddine"]
[Result "0-1"]
[WhiteElo "2393"]
[BlackElo "2219"]
[PlyCount "84"]
[EventDate "1996.08.07"]
[EventType "swiss"]
[EventRounds "9"]
[EventCountry "CAN"]
[Source "CFC"]
[SourceDate "2002.12.??"]

1. d4 Nf6 2. Nf3 e6 3. Bf4 c5 4. e3 d5 5. c3 Be7 6. Nbd2 O-O 7. Bd3 Nbd7 8. h3
b6 9. Rc1 Bb7 10. Ne5 Ne4 11. Nxe4 dxe4 12. Be2 Nxe5 13. Bxe5 cxd4 14. cxd4
Bb4+ 15. Kf1 Bd6 16. Bxd6 Qxd6 17. g3 e5 18. dxe5 Qxe5 19. Qb3 Rad8 20. Rc2 Rd3
21. Qb4 Rfd8 22. Kg2 h5 23. Rhc1 h4 24. g4 Rxe3 25. fxe3 Qg3+ 26. Kf1 Qxh3+ 27.
Ke1 Qg3+ 28. Kf1 h3 29. Qe7 Qg2+ 30. Ke1 Qg1+ 31. Bf1 Qxe3+ 32. Be2 Qg1+ 33.
Bf1 Qg3+ 34. Rf2 Qe3+ 35. Re2 Qxc1+ 36. Kf2 Qf4+ 37. Ke1 Rc8 38. Rd2 Rc1+ 39.
Rd1 Rxd1+ 40. Kxd1 Qxf1+ 41. Kc2 Qd3+ 42. Kc1 h2 0-1